000 00606nam a2200229 a 4500
001 BRL_1000
005 20190320211003.0
008 301013s1964----mx-#######---#000-1#spa-#
041 _aspa
044 _amx
050 4 _aPQ7297.F85
_b.C36 1964
100 1 _aFuentes, Carlos
_95026
245 1 0 _aCantar de ciegos
_cCarlos Fuentes.
260 _aMéxico
_bJoaquín Mortiz
_c1964
300 _a209 p.
_c18 cm.
440 0 _aSerie el volador
_925530
500 _aError: p.209 tiene escrito p. 109
500 _aAu1081
650 1 4 _aCuentos mexicanos
_ySiglo XX
_925042
902 _aGRL
942 _2lcc
_cB
999 _c9812
_d9812